书目信息 |
| 题名: |
水文现代化与水文新技术
|
|
| 作者: | 林祚顶 主编 | |
| 分册: | ||
| 出版信息: | 北京 中国水利水电出版社 2008 |
|
| 页数: | 589页 | |
| 开本: | 26cm | |
| 丛书名: | ||
| 单 册: | ||
| 中图分类: | P33 | |
| 科图分类: | ||
| 主题词: | 水文学 | |
| 电子资源: | ||
| ISBN: | 978-7-5084-6175-5 | |
| 000 | 00772nam0 2200217 450 | |
| 001 | 5360 | |
| 005 | 20181015160640.74 | |
| 010 | @a978-7-5084-6175-5@dCNY88.00 | |
| 100 | @a20090416d2008 em y0chiy50 ea | |
| 101 | 0 | @achi |
| 102 | @aCN@b110000 | |
| 105 | @aa z 000yy | |
| 200 | 1 | @a水文现代化与水文新技术@9shui wen xian dai hua yu shui wen xin ji shu@f林祚顶主编 |
| 210 | @a北京@c中国水利水电出版社@d2008 | |
| 215 | @a589页@c图@d26cm | |
| 330 | @a本书介绍了水文现代化的基本概念、水文数据采集与存储新技术、水文数据传输技术(水文自动测报系统)、现代测绘与3S技术在水文中的应用、水文数据处理、水文水资源预测预报新技术等内容。 | |
| 606 | 0 | @a水文学 |
| 690 | @aP33@v4 | |
| 701 | 0 | @a林祚顶@9lin zuo ding@4主编 |
| 801 | 0 | @aCN@b91MARC@c20130904 |
| 905 | @aMuseLib@dP33@e142 | |
| 水文现代化与水文新技术/林祚顶主编.-北京:中国水利水电出版社,2008 |
| 589页:图;26cm |
| ISBN 978-7-5084-6175-5:CNY88.00 |
| 本书介绍了水文现代化的基本概念、水文数据采集与存储新技术、水文数据传输技术(水文自动测报系统)、现代测绘与3S技术在水文中的应用、水文数据处理、水文水资源预测预报新技术等内容。 |
| ● |
| 相关链接 |
|
|
|
|
正题名:水文现代化与水文新技术
索取号:P33/142
 
预约/预借
| 序号 | 登录号 | 条形码 | 馆藏地/架位号 | 状态 | 备注 |
| 1 | 1129325 | 211293250 | 第二样本阅览室/ [索取号:P33/142] | 在馆 | |
| 2 | 1129326 | 211293269 | 第三借阅区/ [索取号:P33/142] | 在馆 | |
| 3 | 1129327 | 211293278 | 第三借阅区/ [索取号:P33/142] | 在馆 | |
| 4 | 1129328 | 211293287 | 第三借阅区/ [索取号:P33/142] | 在馆 | |
| 5 | 1129329 | 211293296 | 密集书库-资源管理系/ [索取号:P33/142] | 在馆 |